Některé otázky přesnosti stanovení vitaminu B 12 korekční metodou /

Saved in:
Bibliographic Details
Main Authors: Rosypal, Stanislav, 1927-2012 (Author), Rosypalová, Alena, 1930- (Author)
Format: Book
Language:Czech
Published: Praha : Státní pedagogické nakladatelství, 1962, [na tit. liste chybne] 1961
Edition:1. vyd.
Series:Folia Přírodovědecké fakulty University J. E. Purkyně v Brně. Biologia Roč. 1961. Sv. 2. Spis. 1
ISBN: (brož.)
Physical Description: 47, [1] s. : tab.
Tags: Add Tag
No Tags, Be the first to tag this record!

MARC

LEADER 00000nam a22000001 4500
001 000463554
005 20150411103812.0
008 980323 19621961xr e cze d
020 |a (brož.)  |c Kčs 4,10 
040 |a SVKKK  |b slo  |c SVKKK  |e AACR2 
041 0 |a cze 
044 |a xr  |c CZ 
100 1 |a Rosypal, Stanislav,  |d 1927-2012  |4 aut 
245 1 0 |a Některé otázky přesnosti stanovení vitaminu B 12 korekční metodou /  |c Stanislav Rosypal , Alena Rosypalová ; techn. spoluprac. Marie Horáčková. 
250 |a 1. vyd. 
260 |a Praha :  |b Státní pedagogické nakladatelství,  |c 1962, [na tit. liste chybne] 1961  |e (Brno,  |f Rudé právo) 
300 |a 47, [1] s. :  |b tab. 
366 |e 200 výtl. 
490 1 |a Folia Přírodovědecké fakulty University J. E. Purkyně v Brně. Biologia  |v Roč. 1961. Sv. 2. Spis. 1 
500 |a Resumé rus., angl. 
504 |a Lit. 
500 |a Vysvetlivky k tabuľkám 
700 1 |a Rosypalová, Alena,  |d 1930-  |4 aut  |7 jk01102760 
830 0 |a Folia Přírodovědecké fakulty University J. E. Purkyně v Brně. Biologia  |v Roč. 1961. Sv. 2. Spis. 1 
910 |a svkkk 
998 |a BK 
090 |g SCKHL  |k Sklad Pribinova 1. posch.  |a IV.31842  |j 336057  |i 463554-10  |s Povinný výt.